| 000 | 00327nam a2200121Ia 4500 | ||
|---|---|---|---|
| 008 | 230907s9999||||xx |||||||||||||| ||und|| | ||
| 082 |
_a362.175 _bERI |
||
| 100 |
_aErickson, Karla A., _9116086 |
||
| 245 | 0 | _aHow we die now : | |
| 260 |
_aTemple University Press, _bPhiladelphia : _c2013 |
||
| 300 | _axi, 192 p. ; | ||
| 942 | _cBK | ||
| 999 |
_c600999 _d600999 |
||